[Event "Titled Tuesday intern op 25th Apr Early"]
[Site "Chess.com INT"]
[Date "2023.04.25"]
[Round "3"]
[White "Fierz, Martin"]
[Black "Namitbir, Singh Walia"]
[Result "0-1"]
[WhiteElo "2347"]
[BlackElo "2364"]
[PlyCount "82"]
[EventDate "2023.04.25"]
[EventType "swiss (blitz)"]
[EventRounds "11"]
[EventCountry "USA"]
[SourceTitle "EXT 2024"]
[Source "ChessBase"]
[SourceDate "2023.10.10"]
[SourceVersion "1"]
[SourceVersionDate "2023.10.10"]
[SourceQuality "1"]

1. e4 e5 2. Nf3 Nc6 3. Nc3 Nf6 4. Bb5 Bb4 5. 0-0 0-0 6. Bxc6 dxc6 7. d3 Qd6 8. Ne2 Rd8 9. Bg5 h6 10. Bh4 Bg4 11. Nc3 Qe6 12. h3 Bh5 13. Qe2 Re8 14. Nd1 Nd7 15. Ne3 Nf8 16. g4 Bg6 17. Bg3 Nd7 18. Nh4 Bh7 19. Kg2 Bf8 20. Nhf5 g6 21. Nh4 Qe7 22. Nf3 Bg7 23. Nd2 Nc5 24. a4 Ne6 25. Ndc4 Nf4+ 26. Bxf4 exf4 27. Nd1 f5 28. Re1 fxe4 29. dxe4 g5 30. f3 Rad8 31. Nf2 Kh8 32. Nd3 Bg8 33. Nd2 Rd7 34. Rh1 c5 35. b3 Bxa1 36. Rxa1 Red8 37. Rh1 Kg7 38. h4 c6 39. Qf2 b5 40. hxg5 hxg5 41. Rh5 c4 0-1

[Event "Titled Tuesday intern op 25th Apr Early"]
[Site "Chess.com INT"]
[Date "2023.04.25"]
[Round "5"]
[White "Zhukova, Natalia"]
[Black "Fierz, Martin"]
[Result "1-0"]
[WhiteElo "2324"]
[BlackElo "2347"]
[PlyCount "95"]
[EventDate "2023.04.25"]
[EventType "swiss (blitz)"]
[EventRounds "11"]
[EventCountry "USA"]
[SourceTitle "EXT 2024"]
[Source "ChessBase"]
[SourceDate "2023.10.10"]
[SourceVersion "1"]
[SourceVersionDate "2023.10.10"]
[SourceQuality "1"]

1. c4 c6 2. d4 d5 3. Nf3 Nf6 4. Nc3 a6 5. c5 Nbd7 6. Bf4 Nh5 7. Bd2 Nhf6 8. h3 g6 9. Bf4 Bg7 10. e3 0-0 11. Be2 Re8 12. 0-0 Nh5 13. Bh2 e5 14. Nxe5 Nxe5 15. dxe5 Bxe5 16. Bxh5 Bxh2+ 17. Kxh2 gxh5 18. Qxh5 Qc7+ 19. Kg1 Qe5 20. Qh4 Bf5 21. Rfd1 Bg6 22. Ne2 Qxb2 23. Nd4 Re4 24. Qg3 Re7 25. h4 h5 26. Qg5 Rae8 27. a4 Re5 28. Qg3 Kh7 29. Re1 Qb4 30. f4 Rf5 31. Rab1 Qxc5 32. Nxf5 Bxf5 33. Rxb7 Re7 34. Rxe7 Qxe7 35. Qg5 Qe4 36. Qxh5+ Kg7 37. Qg5+ Kh7 38. Kh2 d4 39. h5 dxe3 40. h6 Bg6 41. Qf6 Kxh6 42. Qh8+ Bh7 43. Qf6+ Bg6 44. Qe5 Qxa4 45. Rxe3 Qd1 46. Rh3+ Bh5 47. Qg5+ Kh7 48. Rxh5+ 1-0

[Event "SUI-chT"]
[Site "Switzerland"]
[Date "2011.05.08"]
[Round "4.7"]
[White "Wirthensohn, Heinz"]
[Black "Fierz, Martin"]
[Result "1/2-1/2"]
[WhiteElo "2384"]
[BlackElo "2319"]
[PlyCount "43"]
[EventDate "2011.02.27"]
[EventType "team-tourn"]
[EventRounds "9"]
[EventCountry "SUI"]
[SourceTitle "EXT 2012"]
[Source "ChessBase"]
[SourceDate "2011.11.24"]
[SourceVersion "1"]
[SourceVersionDate "2011.11.24"]
[SourceQuality "1"]
[WhiteTeam "Reichenstein"]
[BlackTeam "Wollishofen"]
[WhiteTeamCountry "SUI"]
[BlackTeamCountry "SUI"]

1. d4 d5 2. Nf3 Nf6 3. Bf4 c5 4. e3 Nc6 5. c3 e6 6. Nbd2 Bd6 7. Bg3 Qe7 8. Ne5 Bxe5 9. dxe5 Nd7 10. f4 f6 11. Nf3 a6 12. Bd3 c4 13. Bc2 Nc5 14. 0-0 f5 15. Bh4 Qf7 16. b3 b5 17. Nd4 Nxd4 18. Qxd4 Qa7 19. bxc4 bxc4 20. Rfb1 Bd7 21. Bf2 Qc7 22. Qd1 1/2-1/2

[Event "SUI-chT"]
[Site "Switzerland"]
[Date "2009.10.17"]
[Round "8.5"]
[White "Kelecevic, Nedeljko"]
[Black "Fierz, Martin"]
[Result "1/2-1/2"]
[WhiteElo "2316"]
[BlackElo "2304"]
[PlyCount "38"]
[EventDate "2009.02.22"]
[EventType "team-tourn"]
[EventRounds "9"]
[EventCountry "SUI"]
[SourceTitle "EXT 2011"]
[Source "ChessBase"]
[SourceDate "2010.11.26"]
[SourceVersion "1"]
[SourceVersionDate "2010.11.26"]
[SourceQuality "1"]
[WhiteTeam "Winterthur"]
[BlackTeam "Wollishofen"]
[WhiteTeamCountry "SUI"]
[BlackTeamCountry "SUI"]

1. d4 d5 2. Nf3 Nf6 3. c4 c6 4. Nc3 a6 5. e3 b5 6. c5 g6 7. Ne5 Nfd7 8. f4 Nxe5 9. fxe5 Bg7 10. h4 Bf5 11. h5 gxh5 12. Rxh5 Bg6 13. Rh1 Qd7 14. Be2 f6 15. exf6 Bxf6 16. Bg4 Bf5 17. Bxf5 Qxf5 18. Qh5+ Qxh5 19. Rxh5 Nd7 1/2-1/2

[Event "SUI-chT"]
[Site "Switzerland"]
[Date "2008.04.20"]
[Round "3.7"]
[White "Pedrini, Pier Paolo"]
[Black "Fierz, Martin"]
[Result "0-1"]
[WhiteElo "2036"]
[BlackElo "2328"]
[PlyCount "96"]
[EventDate "2008.03.02"]
[EventType "team-tourn"]
[EventRounds "9"]
[EventCountry "SUI"]
[SourceTitle "CBM 123 Extra"]
[Source "ChessBase"]
[SourceDate "2008.05.06"]
[SourceVersion "1"]
[SourceVersionDate "2008.05.06"]
[SourceQuality "1"]
[WhiteTeam "Mendrisio"]
[BlackTeam "Wollishofen"]
[WhiteTeamCountry "SUI"]
[BlackTeamCountry "SUI"]

1. d4 d5 2. c4 c6 3. Nf3 Nf6 4. Nc3 a6 5. e3 b5 6. cxd5 cxd5 7. Bd3 Bg4 8. h3 Bh5 9. 0-0 e6 10. Qe2 Be7 11. Rd1 Nc6 12. g4 Bg6 13. Bxg6 hxg6 14. Kg2 Rc8 15. Bd2 Qd6 16. Rac1 0-0 17. Be1 Ne4 18. Ng1 Nxc3 19. bxc3 Na5 20. f4 Nc4 21. h4 Qd8 22. Nf3 Nd6 23. g5 Nf5 24. Bd2 Rc4 25. Ne5 Ra4 26. h5 Bd6 27. hxg6 Bxe5 28. gxf7+ Kxf7 29. dxe5 Rh8 30. Be1 Qb6 31. Bf2 Qc6 32. Rc2 Rc4 33. Rd3 d4+ 34. e4 dxc3 35. Kf1 Rxe4 36. g6+ Kxg6 37. Qg4+ Kf7 38. Rcxc3 Rh1+ 39. Bg1 Rc4 40. Qf3 Qxf3+ 41. Rxf3 Rb4 42. Kg2 Rh4 43. Ra3 Rg4+ 44. Kh2 Rb2+ 45. Rf2 Rb1 46. Rg2 Rh4+ 47. Rh3 Rxf4 48. Be3 Re4 0-1

[Event "SUI-chT"]
[Site "Switzerland"]
[Date "2006.09.30"]
[Round "8.6"]
[White "Kelecevic, Nedeljko"]
[Black "Fierz, Martin"]
[Result "1/2-1/2"]
[WhiteElo "2320"]
[BlackElo "2317"]
[PlyCount "51"]
[EventDate "2006.02.26"]
[EventType "team-tourn"]
[EventRounds "9"]
[EventCountry "SUI"]
[SourceTitle "EXT 2007"]
[Source "ChessBase"]
[SourceDate "2006.11.23"]
[SourceVersion "1"]
[SourceVersionDate "2006.11.23"]
[SourceQuality "1"]
[WhiteTeam "Winterthur"]
[BlackTeam "Wollishofen"]
[WhiteTeamCountry "SUI"]
[BlackTeamCountry "SUI"]

1. d4 d5 2. Nf3 Nf6 3. c4 c6 4. Nc3 a6 5. c5 Nbd7 6. Bf4 Nh5 7. Bd2 Nhf6 8. h3 g6 9. Bf4 Bg7 10. e3 0-0 11. Be2 Ne8 12. Bh2 Nc7 13. 0-0 Re8 14. Na4 f6 15. Qb3 Kh8 16. Nb6 Nxb6 17. Qxb6 Ne6 18. Qxd8 Nxd8 19. b4 e5 20. Rfd1 Bf5 21. a4 Be4 22. dxe5 Bxf3 23. Bxf3 fxe5 24. Rab1 Ne6 25. Bg4 h5 26. Bxe6 1/2-1/2

[Event "SUI-chT"]
[Site "Switzerland"]
[Date "2006.09.02"]
[Round "6.4"]
[White "Gruenenwald, Joerg"]
[Black "Fierz, Martin"]
[Result "1/2-1/2"]
[WhiteElo "2366"]
[BlackElo "2317"]
[PlyCount "30"]
[EventDate "2006.02.26"]
[EventType "team-tourn"]
[EventRounds "9"]
[EventCountry "SUI"]
[SourceTitle "EXT 2007"]
[Source "ChessBase"]
[SourceDate "2006.11.23"]
[SourceVersion "1"]
[SourceVersionDate "2006.11.23"]
[SourceQuality "1"]
[WhiteTeam "Zuerich"]
[BlackTeam "Wollishofen"]
[WhiteTeamCountry "SUI"]
[BlackTeamCountry "SUI"]

1. d4 d5 2. Nf3 Nf6 3. c4 c6 4. Qc2 dxc4 5. Qxc4 Bf5 6. g3 Nbd7 7. Bg2 e6 8. 0-0 Be7 9. Qb3 Qb6 10. Nbd2 Qxb3 11. Nxb3 Be4 12. Re1 c5 13. dxc5 Nxc5 14. Nxc5 Bxc5 15. Bd2 0-0 1/2-1/2

[Event "Liechtenstein op 24th"]
[Site "Triesen"]
[Date "2006.05.23"]
[Round "5"]
[White "Fierz, Martin"]
[Black "Grunberg, Mihai Lucian"]
[Result "1-0"]
[WhiteElo "2319"]
[BlackElo "2418"]
[PlyCount "110"]
[EventDate "2006.05.19"]
[EventType "swiss"]
[EventRounds "9"]
[EventCountry "LIE"]
[SourceTitle "CBM 112 Extra"]
[Source "ChessBase"]
[SourceDate "2006.07.14"]
[SourceVersion "1"]
[SourceVersionDate "2006.07.14"]
[SourceQuality "1"]

1. c4 c6 2. g3 d5 3. Bg2 Nf6 4. Nf3 dxc4 5. Qc2 Qd5 6. Nc3 Qf5 7. e4 Qa5 8. 0-0 e5 9. b3 cxb3 10. Qxb3 Bb4 11. Nxe5 Be6 12. Qb2 0-0 13. Nd3 Bxc3 14. dxc3 Nbd7 15. Be3 Bc4 16. Rfd1 Bxd3 17. Rxd3 Ne5 18. Rd4 c5 19. Rdd1 Nc4 20. Qe2 Nxe3 21. Qxe3 Rfe8 22. f4 c4 23. e5 Ng4 24. Qf3 h5 25. h3 Qc5+ 26. Rd4 Nh6 27. Kh2 Nf5 28. Rd7 g6 29. Qxb7 Qe3 30. Qf3 Rad8 31. Rad1 Rxd7 32. Rxd7 Rb8 33. Qxe3 Nxe3 34. Bb7 Kf8 35. Kg1 Ke8 36. Rc7 Rd8 37. Bc6+ Kf8 38. Rd7 Rxd7 39. Bxd7 Ke7 40. Bb5 h4 41. gxh4 Nd5 42. f5 gxf5 43. Bxc4 Nxc3 44. Kf2 Na4 45. Ke3 Nb6 46. Bb3 a5 47. a3 Nd7 48. Kf4 Nc5 49. Ba2 Ne4 50. Kxf5 Nc3 51. Bc4 Kf8 52. h5 Kg7 53. h6+ Kxh6 54. Kf6 a4 55. Kxf7 Nb1 1-0

[Event "SUI-chT"]
[Site "Switzerland"]
[Date "2006.03.26"]
[Round "2.6"]
[White "Domont, Alexandre"]
[Black "Fierz, Martin"]
[Result "1-0"]
[WhiteElo "2399"]
[BlackElo "2317"]
[PlyCount "191"]
[EventDate "2006.02.26"]
[EventType "team-tourn"]
[EventRounds "9"]
[EventCountry "SUI"]
[SourceTitle "CBM 111 Extra"]
[Source "ChessBase"]
[SourceDate "2006.05.09"]
[SourceVersion "1"]
[SourceVersionDate "2006.05.09"]
[SourceQuality "1"]
[WhiteTeam "Biel"]
[BlackTeam "Wollishofen"]
[WhiteTeamCountry "SUI"]
[BlackTeamCountry "SUI"]

1. g3 d5 2. Bg2 Nf6 3. d3 c6 4. Nd2 e5 5. Ngf3 Bd6 6. 0-0 0-0 7. e4 Bg4 8. h3 Bh5 9. Qe1 dxe4 10. dxe4 Bxf3 11. Bxf3 Qe7 12. Kg2 Nbd7 13. Nc4 Bc5 14. Bd2 b5 15. Na5 Rfc8 16. a4 Nf8 17. Nb3 Ne6 18. Nxc5 Qxc5 19. Qe3 Qd6 20. axb5 cxb5 21. Bc3 Qc7 22. Be2 Nd4 23. Bxd4 exd4 24. Qxd4 Qxc2 25. Bf3 Rc4 26. Rxa7 Re8 27. Qb6 Qxb2 28. Qb7 Rf8 29. Ra8 g6 30. Rfa1 Rc2 31. Qe7 Rxf2+ 32. Kg1 Ne8 33. Rxe8 Qxa1+ 34. Kxf2 Qd4+ 35. Kf1 Qa1+ 36. Kg2 Qb2+ 37. Kh1 Rxe8 38. Qxe8+ Kg7 39. Qd8 Qc3 40. Kg2 b4 41. Be2 b3 42. Qd3 Qb4 43. Bd1 b2 44. Bc2 Qe1 45. Bb1 Qc1 46. h4 h5 47. Kf3 Qh1+ 48. Ke2 Qg2+ 49. Kd1 Qf2 50. e5 Qb6 51. Kc2 Qf2+ 52. Kb3 Qb6+ 53. Kc4 Qc7+ 54. Kd4 Qd7+ 55. Ke3 Qc6 56. Qe4 Qc5+ 57. Ke2 Qb5+ 58. Kf2 Qc5+ 59. Kg2 Qb6 60. Ba2 Qa6 61. Bb1 Qb6 62. Qf3 Qa6 63. Qf2 Qb5 64. Qe3 Qc6+ 65. Qe4 Qb6 66. Qc2 Qb7+ 67. Kh2 Qb6 68. Ba2 Qd4 69. e6 fxe6 70. Bxe6 Qf6 71. Ba2 Kh6 72. Qd2+ Kg7 73. Bb1 Kh7 74. Kg2 Kg7 75. Kh2 Kh7 76. Qc2 Kg7 77. Kg2 Qb6 78. Kh2 Qf6 79. Qc7+ Qf7 80. Qb6 Qf6 81. Qb7+ Kh6 82. Kg2 Qe5 83. Qf3 Kg7 84. Kf2 Qf6 85. Qf4 Qb6+ 86. Qe3 Qf6+ 87. Ke2 Qd6 88. Qc3+ Qf6 89. Qd3 Kf7 90. Qd7+ Kf8 91. Qc8+ Kg7 92. Qc7+ Kf8 93. Qb8+ Ke7 94. Kd2 Qc6 95. Qe5+ Kd8 96. Qh8+ 1-0

[Event "Zuerich op-A 29th"]
[Site "Zuerich"]
[Date "2005.12.29"]
[Round "5"]
[White "Zugic, Igor"]
[Black "Fierz, Martin"]
[Result "1-0"]
[WhiteElo "2462"]
[BlackElo "2277"]
[PlyCount "73"]
[EventDate "2005.12.26"]
[EventType "swiss"]
[EventRounds "7"]
[EventCountry "SUI"]
[SourceTitle "CBM 110 Extra"]
[Source "ChessBase"]
[SourceDate "2006.03.10"]
[SourceVersion "2"]
[SourceVersionDate "2006.03.10"]
[SourceQuality "1"]

1. Nf3 d5 2. c4 c6 3. d4 Nf6 4. Qc2 g6 5. Bf4 Bg7 6. e3 0-0 7. Nc3 a6 8. h3 b5 9. cxd5 cxd5 10. a4 b4 11. Na2 a5 12. Nc1 Na6 13. Nb3 Qb6 14. Ne5 Bb7 15. Bb5 Rac8 16. Qe2 Nb8 17. Nd3 Ne4 18. 0-0 Rfd8 19. Rfc1 Bf8 20. Ndc5 Ba8 21. Bxb8 Qxb8 22. Nxe4 dxe4 23. Nxa5 e5 24. Rxc8 Rxc8 25. dxe5 Qxe5 26. Nc4 Qc5 27. Rd1 Bd5 28. b3 Bg7 29. g3 Bc3 30. Rxd5 Qxd5 31. Nb6 Qxb3 32. Nxc8 Qb1+ 33. Qf1 Qc2 34. Ne7+ Kf8 35. Nd5 b3 36. Nxc3 Qxc3 37. Bc4 1-0

[Event "SUI-chT"]
[Site "Switzerland"]
[Date "2005.10.29"]
[Round "8.5"]
[White "Drabke, Lorenz Maximilian"]
[Black "Fierz, Martin"]
[Result "0-1"]
[WhiteElo "2383"]
[BlackElo "2287"]
[PlyCount "89"]
[EventDate "2005.02.27"]
[EventType "team-tourn"]
[EventRounds "9"]
[EventCountry "SUI"]
[SourceTitle "EXT 2006"]
[Source "ChessBase"]
[SourceDate "2005.11.24"]
[SourceVersion "1"]
[SourceVersionDate "2005.11.24"]
[SourceQuality "1"]
[WhiteTeam "Reichenstein"]
[BlackTeam "Wollishofen"]
[WhiteTeamCountry "SUI"]
[BlackTeamCountry "SUI"]

1. e4 c5 2. Nf3 e6 3. g3 d5 4. exd5 exd5 5. Bg2 Nf6 6. d4 c4 7. 0-0 Nc6 8. b3 cxb3 9. axb3 Be7 10. Ne5 0-0 11. Re1 Bf5 12. Nxc6 bxc6 13. Rxe7 Qxe7 14. Ba3 Qb7 15. Bxf8 Kxf8 16. Nc3 Re8 17. Na4 Bg4 18. f3 Bf5 19. Qd2 Nd7 20. Bf1 h6 21. Kf2 Qc7 22. Re1 Rxe1 23. Kxe1 Kg8 24. Qc3 Qd6 25. Kd2 h5 26. Qa5 Qb8 27. Nc5 h4 28. Nxd7 Bxd7 29. Bd3 hxg3 30. hxg3 g5 31. Ke3 Kg7 32. Kf2 Qb6 33. Qa1 Kf8 34. Ke3 Qb8 35. Kf2 Qb6 36. Ke3 Qb8 37. Qg1 Qb4 38. Qh1 Ke7 39. f4 c5 40. Qxd5 Qe1+ 41. Be2 Qxg3+ 42. Qf3 Qg1+ 43. Kd2 Qxd4+ 44. Ke1 Qxf4 45. Qb7 0-1

[Event "SUI-chT"]
[Site "Switzerland"]
[Date "2005.09.04"]
[Round "7.7"]
[White "Kaufmann, Werner"]
[Black "Fierz, Martin"]
[Result "0-1"]
[WhiteElo "2193"]
[BlackElo "2287"]
[PlyCount "32"]
[EventDate "2005.02.27"]
[EventType "team-tourn"]
[EventRounds "9"]
[EventCountry "SUI"]
[SourceTitle "EXT 2006"]
[Source "ChessBase"]
[SourceDate "2005.11.24"]
[SourceVersion "1"]
[SourceVersionDate "2005.11.24"]
[SourceQuality "1"]
[WhiteTeam "Luzern"]
[BlackTeam "Wollishofen"]
[WhiteTeamCountry "SUI"]
[BlackTeamCountry "SUI"]

1. Nf3 d5 2. b3 Nf6 3. Bb2 c6 4. e3 Bg4 5. h3 Bh5 6. Be2 Nbd7 7. c4 e6 8. 0-0 Bd6 9. d4 Qb8 10. Nc3 0-0 11. Nh4 Bxe2 12. Qxe2 Re8 13. e4 e5 14. dxe5 Bxe5 15. cxd5 Bxc3 16. Bxc3 Rxe4 0-1

[Event "SUI-ch int"]
[Site "Saas Almagell"]
[Date "2005.07.15"]
[Round "9"]
[White "Fierz, Martin"]
[Black "Moor, Roger"]
[Result "0-1"]
[WhiteElo "2276"]
[BlackElo "2402"]
[PlyCount "46"]
[EventDate "2005.07.07"]
[EventType "swiss"]
[EventRounds "9"]
[EventCountry "SUI"]
[SourceTitle "CBM 107 Extra"]
[Source "ChessBase"]
[SourceDate "2005.09.01"]
[SourceVersion "1"]
[SourceVersionDate "2005.09.01"]
[SourceQuality "1"]

1. c4 b6 2. Nc3 Bb7 3. e4 e6 4. Nf3 Bb4 5. d3 Ne7 6. Bd2 f5 7. Qc2 fxe4 8. dxe4 Ng6 9. h4 d6 10. Bg5 Ne7 11. 0-0-0 Bxc3 12. Qxc3 0-0 13. Nd4 Qd7 14. f3 h6 15. g3 e5 16. Nc2 hxg5 17. Bh3 g4 18. Bxg4 Qe8 19. Be6+ Kh8 20. f4 Bxe4 21. Rhe1 Qg6 22. fxe5 Qxe6 23. Rxe4 Nbc6 0-1

[Event "SUI-ch int"]
[Site "Saas Almagell"]
[Date "2005.07.13"]
[Round "7"]
[White "Fierz, Martin"]
[Black "Burnier, David"]
[Result "0-1"]
[WhiteElo "2276"]
[BlackElo "2311"]
[PlyCount "148"]
[EventDate "2005.07.07"]
[EventType "swiss"]
[EventRounds "9"]
[EventCountry "SUI"]
[SourceTitle "CBM 107 Extra"]
[Source "ChessBase"]
[SourceDate "2005.09.01"]
[SourceVersion "1"]
[SourceVersionDate "2005.09.01"]
[SourceQuality "1"]

1. c4 g6 2. g3 Bg7 3. Bg2 d6 4. Nc3 Nf6 5. d3 0-0 6. Bg5 h6 7. Bd2 a5 8. e3 e5 9. Nge2 Nc6 10. 0-0 Nd7 11. e4 Nc5 12. Be3 Nd4 13. f3 c6 14. Qd2 Kh7 15. Bf2 Nce6 16. Nxd4 Nxd4 17. Ne2 c5 18. Nxd4 cxd4 19. b3 h5 20. a3 Bh6 21. Qb2 f5 22. b4 fxe4 23. fxe4 b6 24. Kh1 Ra7 25. Bg1 Raf7 26. Rxf7+ Rxf7 27. Rf1 Rxf1 28. Bxf1 Qg5 29. Be2 Qc1 30. Qxc1 Bxc1 31. bxa5 bxa5 32. a4 Bd7 33. Bf2 Bd2 34. Bd1 Bh3 35. Kg1 Kg7 36. g4 hxg4 37. Be2 g3 38. Bxg3 Be3+ 39. Kh1 Bd2 40. Kg1 Kf6 41. Bh4+ g5 42. Bg3 Ke6 43. Bd1 Kd7 44. c5 Be3+ 45. Kh1 dxc5 46. Bxe5 Bf1 47. Bc2 c4 48. dxc4 Be2 49. Kg2 d3 50. Bxd3 Bxd3 51. Kf3 Bd2 52. Bf6 Ke6 53. Bd8 Bxc4 54. h4 gxh4 55. Bxh4 Bc3 56. Ke3 Kd6 57. Bd8 Kc6 58. Be7 Bb4 59. Bf6 Bb3 60. Kd3 Bxa4 61. Kc4 Bb5+ 62. Kb3 Bd3 63. e5 Kb5 64. Kb2 Bf5 65. e6 Bxe6 66. Bc3 Kc4 67. Bg7 a4 68. Bf6 a3+ 69. Ka2 Kb5+ 70. Kb1 Ka4 71. Bg7 Kb3 72. Bf6 Bd2 73. Bg7 Bf5+ 74. Ka1 Bc1 0-1

[Event "SUI-ch int"]
[Site "Saas Almagell"]
[Date "2005.07.09"]
[Round "3"]
[White "Fierz, Martin"]
[Black "Zueger, Beat"]
[Result "0-1"]
[WhiteElo "2276"]
[BlackElo "2435"]
[PlyCount "56"]
[EventDate "2005.07.07"]
[EventType "swiss"]
[EventRounds "9"]
[EventCountry "SUI"]
[SourceTitle "CBM 107 Extra"]
[Source "ChessBase"]
[SourceDate "2005.09.01"]
[SourceVersion "1"]
[SourceVersionDate "2005.09.01"]
[SourceQuality "1"]

1. e4 c5 2. Nf3 Nc6 3. d4 cxd4 4. Nxd4 Nf6 5. Nc3 d6 6. Bg5 e6 7. Qd2 a6 8. 0-0-0 Bd7 9. f4 Be7 10. Be2 Qc7 11. Bf3 Na5 12. Rhe1 h6 13. Bh4 Nc4 14. Qd3 Rc8 15. Bg3 e5 16. Nf5 Qa5 17. Nxe7 Qb4 18. Qxc4 Rxc4 19. Ned5 Nxd5 20. Nxd5 Qa5 21. fxe5 Qxa2 22. exd6 Qa1+ 23. Kd2 Qxb2 24. Nc7+ Kd8 25. Rc1 g5 26. h3 h5 27. Nd5 Qd4+ 28. Ke2 Rxc2+ 0-1

[Event "SUI-chT"]
[Site "Switzerland"]
[Date "2004.11.07"]
[Round "9.6"]
[White "Weindl, Alfred"]
[Black "Fierz, Martin"]
[Result "1/2-1/2"]
[WhiteElo "2351"]
[BlackElo "2303"]
[PlyCount "70"]
[EventDate "2004.02.29"]
[EventType "team-tourn"]
[EventRounds "9"]
[EventCountry "SUI"]
[SourceTitle "EXT 2006"]
[Source "ChessBase"]
[SourceDate "2005.11.24"]
[SourceVersion "1"]
[SourceVersionDate "2005.11.24"]
[SourceQuality "1"]
[WhiteTeam "Reichenstein"]
[BlackTeam "Wollishofen"]
[WhiteTeamCountry "SUI"]
[BlackTeamCountry "SUI"]

1. e4 c5 2. Nf3 e6 3. d3 Nc6 4. g3 d5 5. Nbd2 Bd6 6. Bg2 Nge7 7. 0-0 0-0 8. Re1 Qc7 9. Kh1 Bd7 10. Ng1 f6 11. f4 d4 12. Nc4 e5 13. f5 b5 14. Nxd6 Qxd6 15. g4 c4 16. g5 g6 17. gxf6 Qxf6 18. a4 b4 19. Nf3 gxf5 20. Bg5 Qd6 21. Rg1 Kh8 22. Qe1 f4 23. dxc4 Ng6 24. Nh4 Nce7 25. Bf3 Bc6 26. Rd1 Nxh4 27. Qxh4 Nf5 28. Qh5 Qg6 29. Qh3 Ng3+ 30. hxg3 Qxg5 31. Qh4 Qxh4+ 32. gxh4 Rg8 33. b3 Rxg1+ 34. Rxg1 Rg8 35. Rg2 a5 1/2-1/2

[Event "SUI-chT"]
[Site "Switzerland"]
[Date "2004.09.05"]
[Round "7.8"]
[White "Aranovitch, Emiliano"]
[Black "Fierz, Martin"]
[Result "1/2-1/2"]
[WhiteElo "2300"]
[BlackElo "2303"]
[PlyCount "60"]
[EventDate "2004.02.29"]
[EventType "team-tourn"]
[EventRounds "9"]
[EventCountry "SUI"]
[SourceTitle "EXT 2005"]
[Source "ChessBase"]
[SourceDate "2004.11.15"]
[SourceVersion "1"]
[SourceVersionDate "2004.11.15"]
[SourceQuality "1"]
[WhiteTeam "Mendrisio"]
[BlackTeam "Wollishofen"]
[WhiteTeamCountry "SUI"]
[BlackTeamCountry "SUI"]

1. e4 c5 2. Nf3 e6 3. g3 d5 4. exd5 exd5 5. Bg2 Nf6 6. 0-0 Be7 7. d4 cxd4 8. Nxd4 0-0 9. h3 Nc6 10. Nc3 Nxd4 11. Qxd4 Be6 12. Qa4 Bc5 13. Bg5 h6 14. Bxf6 Qxf6 15. Rad1 Rad8 16. Kh2 d4 17. Ne4 Qe7 18. Nxc5 Qxc5 19. Rd2 Rd7 20. Re1 Rfd8 21. f4 Rd6 22. Re5 Qc4 23. Qxc4 Bxc4 24. Rc5 Bxa2 25. Ra5 Bd5 26. Bxd5 Rxd5 27. Rxa7 b5 28. Rb7 Rc8 29. Re7 Rdc5 30. Ree2 Rc4 1/2-1/2

[Event "SUI-chT"]
[Site "Switzerland"]
[Date "2004.09.04"]
[Round "6.7"]
[White "Goldstern, Filip Daniel"]
[Black "Fierz, Martin"]
[Result "1-0"]
[WhiteElo "2364"]
[BlackElo "2281"]
[PlyCount "37"]
[EventDate "2004.02.29"]
[EventType "team-tourn"]
[EventRounds "9"]
[EventCountry "SUI"]
[SourceTitle "EXT 2005"]
[Source "ChessBase"]
[SourceDate "2004.11.15"]
[SourceVersion "1"]
[SourceVersionDate "2004.11.15"]
[SourceQuality "1"]
[WhiteTeam "Zuerich"]
[BlackTeam "Wollishofen"]
[WhiteTeamCountry "SUI"]
[BlackTeamCountry "SUI"]

1. Nf3 d5 2. d4 Nf6 3. c4 c6 4. Nc3 a6 5. c5 Nbd7 6. Bf4 Nh5 7. e3 Nxf4 8. exf4 b6 9. b4 a5 10. b5 Bb7 11. Qa4 Qc7 12. bxc6 Bxc6 13. Bb5 Rc8 14. cxb6 Qxb6 15. 0-0 e6 16. Rac1 Bxb5 17. Nxb5 Rc6 18. Ne5 Nxe5 19. fxe5 1-0